<?xml version="1.0" encoding="UTF-8"?>
<record
    xmlns:xsi="http://www.w3.org/2001/XMLSchema-instance"
    xsi:schemaLocation="http://www.loc.gov/MARC21/slim http://www.loc.gov/standards/marcxml/schema/MARC21slim.xsd"
    xmlns="http://www.loc.gov/MARC21/slim">

  <leader>02111nam a2200313Ia 4500</leader>
  <datafield tag="952" ind1=" " ind2=" ">
    <subfield code="0">0</subfield>
    <subfield code="1">0</subfield>
    <subfield code="4">0</subfield>
    <subfield code="7">0</subfield>
    <subfield code="a">19</subfield>
    <subfield code="b">19</subfield>
    <subfield code="d">0000-00-00</subfield>
    <subfield code="l">0</subfield>
    <subfield code="o">TJ255 R6518 2006</subfield>
    <subfield code="p">19 000833</subfield>
    <subfield code="r">2013-09-17</subfield>
    <subfield code="t">1</subfield>
    <subfield code="w">2013-09-17</subfield>
    <subfield code="y">LB</subfield>
  </datafield>
  <datafield tag="952" ind1=" " ind2=" ">
    <subfield code="0">0</subfield>
    <subfield code="1">0</subfield>
    <subfield code="2">lcc</subfield>
    <subfield code="4">0</subfield>
    <subfield code="7">0</subfield>
    <subfield code="a">22</subfield>
    <subfield code="b">22</subfield>
    <subfield code="d">2016-07-27</subfield>
    <subfield code="l">0</subfield>
    <subfield code="o">TJ255 R6518 2006</subfield>
    <subfield code="p">06 003170</subfield>
    <subfield code="r">2016-07-27</subfield>
    <subfield code="t">1</subfield>
    <subfield code="w">2016-07-27</subfield>
    <subfield code="y">LB</subfield>
  </datafield>
  <datafield tag="952" ind1=" " ind2=" ">
    <subfield code="0">0</subfield>
    <subfield code="1">0</subfield>
    <subfield code="2">lcc</subfield>
    <subfield code="4">0</subfield>
    <subfield code="7">0</subfield>
    <subfield code="a">22</subfield>
    <subfield code="b">22</subfield>
    <subfield code="d">2016-08-12</subfield>
    <subfield code="l">3</subfield>
    <subfield code="o">TJ255 R6518 2006</subfield>
    <subfield code="p">06 003194</subfield>
    <subfield code="r">2019-09-26</subfield>
    <subfield code="s">2019-09-26</subfield>
    <subfield code="t">2</subfield>
    <subfield code="w">2016-08-12</subfield>
    <subfield code="y">LB</subfield>
  </datafield>
  <datafield tag="952" ind1=" " ind2=" ">
    <subfield code="0">0</subfield>
    <subfield code="1">0</subfield>
    <subfield code="2">lcc</subfield>
    <subfield code="4">0</subfield>
    <subfield code="7">0</subfield>
    <subfield code="a">20</subfield>
    <subfield code="b">20</subfield>
    <subfield code="d">2019-07-18</subfield>
    <subfield code="l">3</subfield>
    <subfield code="m">4</subfield>
    <subfield code="o">TJ255 R6518 2006</subfield>
    <subfield code="p">20 001192</subfield>
    <subfield code="r">2025-03-06</subfield>
    <subfield code="s">2025-03-04</subfield>
    <subfield code="t">1</subfield>
    <subfield code="w">2019-07-18</subfield>
    <subfield code="y">LB</subfield>
  </datafield>
  <datafield tag="999" ind1=" " ind2=" ">
    <subfield code="c">78311</subfield>
    <subfield code="d">78311</subfield>
  </datafield>
  <controlfield tag="005">20231102151235.0</controlfield>
  <controlfield tag="008">160407s2006    mx a|||| |||| 00| 0 spa d</controlfield>
  <datafield tag="020" ind1=" " ind2=" ">
    <subfield code="a">9702607574</subfield>
  </datafield>
  <datafield tag="050" ind1=" " ind2=" ">
    <subfield code="a">TJ255</subfield>
    <subfield code="b">R6518 2006</subfield>
  </datafield>
  <datafield tag="100" ind1=" " ind2=" ">
    <subfield code="a">Rolle, Kurt C.</subfield>
    <subfield code="e">autor</subfield>
  </datafield>
  <datafield tag="245" ind1=" " ind2=" ">
    <subfield code="a">Termodin&#xE1;mica</subfield>
    <subfield code="c"> / Kurt C. Rolle</subfield>
  </datafield>
  <datafield tag="250" ind1=" " ind2=" ">
    <subfield code="a">6a edici&#xF3;n</subfield>
  </datafield>
  <datafield tag="260" ind1=" " ind2=" ">
    <subfield code="a">M&#xE9;xico</subfield>
    <subfield code="b"> : Pearson Educaci&#xF3;n</subfield>
    <subfield code="c"> , 2006</subfield>
  </datafield>
  <datafield tag="300" ind1=" " ind2=" ">
    <subfield code="a">xv, 611 p&#xE1;ginas</subfield>
  </datafield>
  <datafield tag="500" ind1=" " ind2=" ">
    <subfield code="a">Traducci&#xF3;n de: Thermodynamics and heat power</subfield>
  </datafield>
  <datafield tag="500" ind1=" " ind2=" ">
    <subfield code="a">Incluye:
Dedicatoria
Prefacio
Tabla de contenido
Ap&#xE9;ndices
Respuestas a los problemas seleccionados
&#xCD;ndice alfab&#xE9;tico</subfield>
  </datafield>
  <datafield tag="505" ind1=" " ind2=" ">
    <subfield code="a">Introducci&#xF3;n.
El sistema termodin&#xE1;mico.
Trabajo, calor y reversibilidad.
Conservaci&#xF3;n de masa y primera ley de la termodin&#xE1;mica.
Ecuaciones de estado y calorimetr&#xED;a.
Procesos.
M&#xE1;quinas t&#xE9;rmicas y la segunda ley de la termodin&#xE1;mica.
Disponibilidad y trabajo &#xFA;til.
El motor de combusti&#xF3;n interna y los ciclos Otto y Diesel.
Turbinas de gas, propulsi&#xF3;n a reacci&#xF3;n y el ciclo Brayton.
Generaci&#xF3;n de electricidad con vapor y el ciclo Rankine.
Refrigeraci&#xF3;n y bombas de calor.
Mezclas.
Mezclas reaccionantes y combusti&#xF3;n.
Transferencia de calor.
Calefacci&#xF3;n y acondicionamiento de aire.
Otros dispositivos de potencia.</subfield>
  </datafield>
  <datafield tag="519" ind1=" " ind2=" ">
    <subfield code="a">Flexible /</subfield>
    <subfield code="b">Tecnolog&#xED;as de la Informaci&#xF3;n /</subfield>
    <subfield code="c">Termodin&#xE1;mica (B17-2) /</subfield>
    <subfield code="d">(19 000833)</subfield>
  </datafield>
  <datafield tag="519" ind1=" " ind2=" ">
    <subfield code="a">Plan Flexible / </subfield>
    <subfield code="b">Ingenieria Industrial / </subfield>
    <subfield code="c">Termodin&#xE1;mica aplicada (P04-3) / </subfield>
    <subfield code="d">(06 003170)</subfield>
  </datafield>
  <datafield tag="519" ind1=" " ind2=" ">
    <subfield code="a">Plan Flexible / </subfield>
    <subfield code="b">Ingenieria Industrial / </subfield>
    <subfield code="c">Termodin&#xE1;mica (B16-1) / </subfield>
    <subfield code="d">(06 003194)</subfield>
  </datafield>
  <datafield tag="519" ind1=" " ind2=" ">
    <subfield code="a">Plan Flexible / </subfield>
    <subfield code="b">Tecnolog&#xED;as de la informaci&#xF3;n / </subfield>
    <subfield code="c">Termodin&#xE1;mica (B17) / </subfield>
    <subfield code="d">(20 001192)</subfield>
  </datafield>
  <datafield tag="650" ind1=" " ind2=" ">
    <subfield code="a">TERMODINAMICA</subfield>
    <subfield code="x">ESTUDIO Y ENSE&#xD1;ANZA</subfield>
  </datafield>
  <datafield tag="650" ind1=" " ind2=" ">
    <subfield code="a">TERMOTECNIA</subfield>
  </datafield>
  <datafield tag="700" ind1=" " ind2=" ">
    <subfield code="a">Gonz&#xE1;lez y Pozo, Virgilio</subfield>
    <subfield code="e">traductor</subfield>
  </datafield>
  <datafield tag="856" ind1=" " ind2=" ">
    <subfield code="a">[PTA{}]www.pearsoneducacion.net/rolle&#xCC;</subfield>
  </datafield>
  <datafield tag="942" ind1=" " ind2=" ">
    <subfield code="c">LB</subfield>
    <subfield code="2">lcc</subfield>
  </datafield>
</record>
